Advanced Retail Strategies/ (Record no. 49573)

MARC details
000 -LEADER
fixed length control field 00367nam a22001337a 4500
008 - FIXED-LENGTH DATA ELEMENTS--GENERAL INFORMATION
fixed length control field 170321b xxu||||| |||| 00| 0 eng d
020 ## - INTERNATIONAL STANDARD BOOK NUMBER
International Standard Book Number 9780558349288
050 ## - LIBRARY OF CONGRESS CALL NUMBER
Classification number HF 5429
Item number .A38 2007
245 ## - TITLE STATEMENT
Title Advanced Retail Strategies/
Remainder of title level one
250 ## - EDITION STATEMENT
Edition statement custom ed for Bellevue University
260 ## - PUBLICATION, DISTRIBUTION, ETC. (IMPRINT)
Place of publication, distribution, etc USA
Name of publisher, distributor, etc Pearson
Date of publication, distribution, etc 2007
300 ## - PHYSICAL DESCRIPTION
Extent ix,440p
Dimensions 29cm
942 ## - ADDED ENTRY ELEMENTS (KOHA)
Source of classification or shelving scheme Library of Congress Classification
Item type Book
Holdings
Withdrawn status Lost status Source of classification or shelving scheme Damaged status Not for loan Collection code Home library Current library Shelving location Date acquired Source of acquisition Cost, normal purchase price Total Checkouts Total Renewals Full call number Barcode Date last borrowed Copy number Price effective from Koha item type
    Library of Congress Classification     Non-fiction Nairobi Campus Nairobi Campus General Circulation 21/03/2017 Donation-BFA 1000.00 5 2 HF 5429 .A38 2007 052066 01/02/2020 1 21/03/2017 Book